[Event "Golden Rook op"]
[Site "Chotowa"]
[Date "2003.05.13"]
[Round "8"]
[White "Misztela, Michal"]
[Black "Banasik, Krzysztof"]
[Result "1/2-1/2"]
[WhiteElo "1000"]
[BlackElo "2128"]
[PlyCount "46"]
[EventDate "2003.05.??"]
[EventType "swiss"]
[EventRounds "9"]
[EventCountry "POL"]
[SourceTitle "EXT 2005"]
[Source "ChessBase"]
[SourceDate "2004.11.15"]
[SourceVersion "1"]
[SourceVersionDate "2004.11.15"]
[SourceQuality "1"]

1. e4 g6 2. Nf3 Bg7 3. d4 d6 4. Be3 e6 5. Nc3 Ne7 6. Qd2 h6 7. 0-0-0 a6 8. Kb1 b5 9. h4 Nd7 10. d5 e5 11. h5 g5 12. g4 Nf6 13. a3 Bxg4 14. Be2 Bxh5 15. Rdg1 Bg6 16. Bd3 Qd7 17. Nh2 Rf8 18. f3 Nfg8 19. Nf1 f5 20. exf5 Bxf5 21. Bxf5 Nxf5 22. Ne4 Nh4 23. Rxh4 gxh4 1/2-1/2

[Event "Golden Rook op"]
[Site "Chotowa"]
[Date "2003.05.08"]
[Round "3"]
[White "Szelc, Adam"]
[Black "Misztela, Michal"]
[Result "1/2-1/2"]
[WhiteElo "1600"]
[BlackElo "1000"]
[PlyCount "81"]
[EventDate "2003.05.??"]
[EventType "swiss"]
[EventRounds "9"]
[EventCountry "POL"]
[SourceTitle "EXT 2005"]
[Source "ChessBase"]
[SourceDate "2004.11.15"]
[SourceVersion "1"]
[SourceVersionDate "2004.11.15"]
[SourceQuality "1"]

1. d4 Nf6 2. c4 g6 3. Nc3 d6 4. e4 Bg7 5. f3 c6 6. Be3 0-0 7. Qd2 Nbd7 8. Bd3 e5 9. Nge2 exd4 10. Nxd4 Ne5 11. Be2 a5 12. Bh6 Nxe4 13. Nxe4 Qh4+ 14. g3 Qxh6 15. Qxh6 Bxh6 16. f4 Nd7 17. Nxd6 Nc5 18. Nb3 Nxb3 19. axb3 Bg7 20. 0-0-0 Be6 21. Nxb7 a4 22. Nc5 axb3 23. Nxe6 fxe6 24. Rhf1 Ra2 25. Kd2 Rxb2+ 26. Ke3 e5 27. Bg4 exf4+ 28. gxf4 Rxh2 29. c5 Rc2 30. Be6+ Kh8 31. Bxb3 Rxc5 32. Rc1 Rxc1 33. Rxc1 Rc8 34. Rc5 Bf8 35. Ra5 c5 36. Bc4 Bg7 37. Kf3 Bd4 38. Kg4 Rf8 39. Ra7 Be3 40. Rf7 Rxf7 41. Bxf7 1/2-1/2